Wyoming's original 5 counties - Statistics

General Stats
  • This quiz has been taken 6 times
  • The average score is 3 of 5
Answer Stats
County Year Formed % Correct
Laramie 1867
80%
Albany 1868
60%
Carbon 1868
60%
Carter 1867
40%
Uinta 1869
40%
No matching quizzes found
Score Distribution
Percent of People with Each Score
Percentile by Number Answered
Your Score History
You have not taken this quiz